000 00301nam a2200109Ia 4500
008 200302s9999 xx 000 0 und d
100 _aJohn E. Traister
245 _aElectrical Design for Building Construction 2nd ed.
260 _bMcgraw- hill International Book co.,
260 _c1985
300 _a211 P.,
999 _c28
_d28